000 00480ntaaa2200193 4500
003 01
005 20251027202340.0
008 0714s1973 ag 01
040 _aAR-BaBN
_bspa
_cAR-BaBN
_eaacr
_dRIC
082 _a296.9000 J71
100 _aJones, A. Jase
_922137
245 _aNeighbors yet strangers
250 _a1 ed.
260 _aNashville :
_bBroadman Press,
_cc1968
300 _a102 p
500 _aTestificando a los judíos
650 _aJudíos
_910184
942 _cBK
999 _c18368
_d18368